| 000 | 00847cam a2200277 4500 | ||
|---|---|---|---|
| 001 | 76042 | ||
| 003 | BD-RjUL | ||
| 005 | 20211209082759.0 | ||
| 008 | 700813s1970 njua b 001 0 eng | ||
| 035 | _a(BD-RjUL) 76261 | ||
| 040 |
_aDLC _cDLC _dDLC _beng |
||
| 041 | _aeng | ||
| 082 | 0 | 0 |
_a658.57 _223 _bKRN 1970 |
| 100 | 1 |
_aKraushar, Peter M. _q(Peter Maximilian) _9233739 |
|
| 245 | 1 | 0 |
_aNew products and diversification / _c[by] Peter M. Kraushar. |
| 260 |
_aPrinceton [N.J.] : _bBrandon/Systems Press _c[1970] |
||
| 300 |
_ax, 213 p. ; _bill. ; _c22 cm. |
||
| 350 | _a8.95 | ||
| 504 | _aIncludes bibliographical references. | ||
| 650 | 0 |
_aNew products. _9233740 |
|
| 650 | 0 |
_aProduct management. _9233741 |
|
| 906 |
_a7 _bcbc _corignew _d2 _encip _f19 _gy-gencatlg |
||
| 942 |
_2ddc _cBK |
||
| 999 |
_c76042 _d76042 |
||